Statistics for Countries that share a first letter with less than 4 others

Click here to take the quiz!

General Stats

  • This quiz has been taken 30 times
  • The average score is 21 of 23

Answer Stats

Answer% Correct
France
100%
Haiti
100%
Honduras
100%
Japan
100%
Jordan
100%
Oman
100%
Qatar
100%
Russia
100%
Venezuela
100%
Hungary
94%
Rwanda
94%
Vietnam
94%
Yemen
94%
Zimbabwe
94%
Fiji
89%
Finland
89%
Jamaica
89%
Romania
89%
Vanuatu
89%
Vatican City
89%
Zambia
89%
Federated States of Micronesia
72%
Republic of the Congo
44%

Score Distribution

Percentile by Number Answered

Percent of People with Each Score

Your Score History

You have not taken this quiz